| 000 | 00875nam a2200277 a 4500 | ||
|---|---|---|---|
| 003 | AR-BaBNM | ||
| 005 | 20251128210910.0 | ||
| 008 | 082120s2002 ||||||||||||||000 | spa|| | ||
| 020 | _a84-88942-81-8 | ||
| 040 | _cAR-BaBNM | ||
| 245 | 0 | 0 |
_aEl saber en el espacio didáctico _bjornadas de didáctica de las ciencias sociales, experimentales y matemáticas |
| 250 | _a1ª ed. | ||
| 260 |
_aJaén _bUniversidad de Jaén _c1996 |
||
| 300 |
_a183 p. _btablas |
||
| 500 | _aContiene referencias bibliográficas | ||
| 650 | 4 | _aDIDACTICA | |
| 650 | 4 | _aENSEÑANZA DE LAS MATEMATICAS | |
| 650 | 4 | _aENSEÑANZA DE LAS CIENCIAS SOCIALES | |
| 650 | 4 | _aPROCESO COGNOSCITIVO | |
| 650 | 4 | _aPSICOLOGIA DE LA EDUCACION | |
| 653 | _aINVESTIGACION EDUCATIVA | ||
| 653 | _aCONTENIDOS PROCEDIMENTALES | ||
| 700 | 1 |
_aRuiz Higueras, Luisa _eeditor |
|
| 942 | _cBK | ||
| 998 | _cRAQUEL | ||
| 999 |
_c17355 _d17355 |
||